|
|
|
|
| LEADER |
00000nam a22000007a 4500 |
| 005 |
2022032208268.0 |
| 007 |
cr|||| |||| |
| 008 |
220322s2011 ea |||||s|||| 00||0 spa d |
| 020 |
|
|
|a 978-84-9123-834-8
|
| 035 |
|
|
|a 33569
|
| 040 |
|
|
|a vLex
|
| 090 |
|
|
|c 13070
|d 13070
|
| 100 |
1 |
|
|a Garcia ℓlvarez, Belen
|
| 245 |
1 |
2 |
|a La carga y descarga en el contrato de transporte de mercanca̕s
|h [Recurso electrn̤ico] /
|c Belen Garcia ℓlvarez
|
| 256 |
|
|
|a Servicio en ln̕ea
|
| 260 |
|
|
|a Madrid:
|b Marcial Pons,
|c 2011
|
| 300 |
|
|
|a 1 recurso electrn̤ico
|
| 506 |
1 |
|
|a Disponible solo en los productos indicados
|d vLex Global
|d vLex Global (Academic Edition, excluding Law Schools)
|d vLex Global (U.S. Academic Edition, Law Schools)
|d vLex Global (U.S. Academic Edition, excluding Law Schools)
|d vLex Global (Academic Edition, Law Schools)
|
| 650 |
0 |
4 |
|a Derecho Civil
|z Espaą
|
| 650 |
0 |
4 |
|a Derecho Internacional
|z Espaą
|
| 650 |
0 |
4 |
|a Derecho Comunitario
|z Espaą
|
| 650 |
0 |
4 |
|a Derecho Pb︢lico y Administrativo
|z Espaą
|
| 740 |
0 |
|
|a vLex Libros (Servicio en ln̕ea)
|
| 856 |
4 |
0 |
|u https://app.vlex.com/#/sources/33569
|z Acceso restringido
|
| 942 |
|
|
|c BOOK
|
| 999 |
0 |
|
|a Civil Law
|
| 999 |
0 |
|
|a International Law
|
| 999 |
0 |
|
|a Community Law
|
| 999 |
0 |
|
|a Public and Administrative Law
|